Score 0/35 Timer 03:00
0 Plays Today
Clue Answer % Correct
★ ''____ Torino'' (2008) ★ ●GRAN●
96.2%
Movie star: ____ ConnerySEAN
94.9%
Basic unit of mass in the metric systemGRAM
94.1%
★ ''The ____, the Bad, and the Ugly'' (1966) ★ ●GOOD●
93.8%
Praise, thank, or petition GodPRAY
91.6%
Place where fabric is joinedSEAM
91.4%
2001 movie: ''Don't Say a ____''WORD
89.6%
Baby carriagePRAM
89%
★ ''For a Few Dollars ____'' (1965) ★ ●MORE●
88.9%
Push a door hardSLAM
88.6%
Female horseMARE
86.7%
Small shipBOAT
86.5%
TV show: ''The Weakest ____''LINK
85.8%
★ ''____ Misty for Me'' (1971) ★ ●PLAY●
85.7%
Barnyard animal known for ability to eat anythingGOAT
85.4%
Kill violentlySLAY
83.7%
TV show: ''____ and Mindy''MORK
82.5%
Prod; inciteGOAD
82.1%
Clue Answer % Correct
Single sheet of glassPANE
82.1%
★ ''In the ____ of Fire'' (1993) ★ ●LINE●
81.8%
Any coniferous, evergreen treePINE
80.7%
★ ''____ Cadillac'' (1989) ★ ●PINK●
79.7%
The trunk and stem of a treeWOOD
79.2%
★ ''Blood ____'' (2002) ★ ●WORK●
75.8%
Strike violently and repeatedlyBEAT
73.3%
Fasteners often used in sewingPINS
66.8%
Baking dishesPANS
66%
''Quantum Leap'' actor: ____ StockwellDEAN
65.4%
★ ''Where Eagles ____'' (1968) ★●DARE●
63.8%
★ ''____ Rider'' (1985) ★ ●PALE●
63.6%
★ ''The ____ Pool'' (1988) ★ ●DEAD●
59.6%
Roy Rogers' wife: ____ EvansDALE
56.5%
★ ''City ____'' (1984) ★ ●HEAT●
54.2%
PateHEAD
45.1%
★ ''Ambush at Cimarron ____'' (1958) ★ ●PASS●
33%

Today's Daily Dose

Remove Ads.
Support Sporcle.
Get the best of Sporcle when you Go Orange. This ad-free experience offers more features, more stats, and more fun while also helping to support Sporcle. Thank you for becoming a member.

You're not logged in!

Compare scores with friends on all Sporcle quizzes.
OR
Log In

Show Comments

Extras

Top Quizzes Today


Score Distribution

Your Account Isn't Verified!

In order to create a playlist on Sporcle, you need to verify the email address you used during registration. Go to your Sporcle Settings to finish the process.

Report this User

Report this user for behavior that violates our Community Guidelines.

Details: